The design of sewers and sewage treatment works/ (Record no. 19032)
[ view plain ]
| 000 -LEADER | |
|---|---|
| fixed length control field | 01173nam a2200397 a 4500 |
| 001 - CONTROL NUMBER | |
| control field | vtls000013695 |
| 003 - CONTROL NUMBER IDENTIFIER | |
| control field | NLI |
| 005 - DATE AND TIME OF LATEST TRANSACTION | |
| control field | 20210601181531.0 |
| 008 - FIXED-LENGTH DATA ELEMENTS--GENERAL INFORMATION | |
| fixed length control field | 101125s1974 enkaf 000 0 eng |
| 020 ## - INTERNATIONAL STANDARD BOOK NUMBER | |
| International Standard Book Number | 71313216 |
| Terms of availability | £ 5.00 |
| 039 #9 - LEVEL OF BIBLIOGRAPHIC CONTROL AND CODING DETAIL [OBSOLETE] | |
| -- | 201011250107 |
| -- | VLOAD |
| 040 0# - CATALOGING SOURCE | |
| Original cataloging agency | NLI |
| Language of cataloging | eng |
| Transcribing agency | VERGIS-2003 |
| 041 0# - LANGUAGE CODE | |
| Language code of text/sound track or separate title | eng |
| 044 ## - COUNTRY OF PUBLISHING/PRODUCING ENTITY CODE | |
| MARC country code | enk |
| 082 04 - DEWEY DECIMAL CLASSIFICATION NUMBER | |
| Classification number | 628.3 |
| 100 1# - MAIN ENTRY--PERSONAL NAME | |
| Personal name | White, J.B. |
| Fuller form of name | James Bernard |
| 9 (RLIN) | 51710 |
| 245 14 - TITLE STATEMENT | |
| Title | The design of sewers and sewage treatment works/ |
| Statement of responsibility, etc. | J.B. White |
| 260 ## - PUBLICATION, DISTRIBUTION, ETC. | |
| Place of publication, distribution, etc. | London: |
| Name of publisher, distributor, etc. | Edward Arnold, |
| Date of publication, distribution, etc. | c1970 [1974 reprint] |
| 300 ## - PHYSICAL DESCRIPTION | |
| Extent | ix, 293 p.: |
| Other physical details | ill.,plates; |
| Dimensions | 23 cm. |
| 500 ## - GENERAL NOTE | |
| General note | Includes index |
| 650 #0 - SUBJECT ADDED ENTRY--TOPICAL TERM | |
| Topical term or geographic name entry element | Sewage disposal plants |
| 9 (RLIN) | 51711 |
| 650 #0 - SUBJECT ADDED ENTRY--TOPICAL TERM | |
| Topical term or geographic name entry element | Sewarage |
| 9 (RLIN) | 51712 |
| 650 #0 - SUBJECT ADDED ENTRY--TOPICAL TERM | |
| Topical term or geographic name entry element | Pumping stations |
| 9 (RLIN) | 51713 |
| 650 #0 - SUBJECT ADDED ENTRY--TOPICAL TERM | |
| Topical term or geographic name entry element | Tanks |
| 9 (RLIN) | 44658 |
| 650 #0 - SUBJECT ADDED ENTRY--TOPICAL TERM | |
| Topical term or geographic name entry element | Sanitation, Household |
| 9 (RLIN) | 51714 |
| 650 ## - SUBJECT ADDED ENTRY--TOPICAL TERM | |
| Topical term or geographic name entry element | Includes bibliographical reference and index |
| 9 (RLIN) | 44102 |
| 887 ## - NON-MARC INFORMATION FIELD | |
| Content of non-MARC field | Sivankalai S. |
| 901 ## - LOCAL DATA ELEMENT A, LDA (RLIN) | |
| a | 413959 |
| b | 10/02/1975 |
| 902 ## - LOCAL DATA ELEMENT B, LDB (RLIN) | |
| a | E 628.3 W 584 |
| 903 ## - LOCAL DATA ELEMENT C, LDC (RLIN) | |
| a | 03/03/2004 |
| 904 ## - LOCAL DATA ELEMENT D, LDD (RLIN) | |
| a | Sivankalai S. |
| 906 ## - LOCAL DATA ELEMENT F, LDF (RLIN) | |
| a | 012632 |
| 949 ## - LOCAL PROCESSING INFORMATION (OCLC) | |
| -- | VIRTUAITEM |
| -- | 10000 |
| -- | 1 |
| -- | 100 |
| 6 | PUR000413959ENG |
| a | E 628.3 W584 |
| 942 ## - ADDED ENTRY ELEMENTS (KOHA) | |
| Source of classification or shelving scheme | Dewey Decimal Classification |
| Koha item type | Books |
| Withdrawn status | Lost status | Damaged status | Not for loan | Collection code | Home library | Current library | Shelving location | Date acquired | Total Checkouts | Full call number | Barcode | Date last seen | Price effective from | Koha item type |
|---|---|---|---|---|---|---|---|---|---|---|---|---|---|---|
| New English | National Library of India | National Library of India | New English - Main Stack Division | E 628.3 W 584 | PUR000413959ENG | 01/06/2021 | 01/06/2021 | Books |
